Biochemistary (Record no. 8334)
[ view plain ]
| 000 -LEADER | |
|---|---|
| fixed length control field | 00341nam a2200133Ia 4500 |
| 008 - FIXED-LENGTH DATA ELEMENTS--GENERAL INFORMATION | |
| fixed length control field | 191201s2018 xx 000 0 und d |
| 082 ## - DEWEY DECIMAL CLASSIFICATION NUMBER | |
| Classification number | 572 DAB |
| 100 ## - MAIN ENTRY--PERSONAL NAME | |
| Personal name | Das, Kuntal |
| 245 #0 - TITLE STATEMENT | |
| Title | Biochemistary |
| 260 ## - PUBLICATION, DISTRIBUTION, ETC. (IMPRINT) | |
| Name of publisher, distributor, etc | Nirali Prakashan |
| Place of publication, distribution, etc | New Delhi |
| Date of publication, distribution, etc | 2018 |
| 300 ## - PHYSICAL DESCRIPTION | |
| Extent | 5.38 |
| 650 ## - SUBJECT ADDED ENTRY--TOPICAL TERM | |
| Topical term or geographic name as entry element | Applied Biochemistry & Clinical Chemistry |
| 942 ## - ADDED ENTRY ELEMENTS (KOHA) | |
| Source of classification or shelving scheme | Dewey Decimal Classification |
| Koha item type | Text Books |
| Withdrawn status | Lost status | Source of classification or shelving scheme | Damaged status | Not for loan | Collection code | Home library | Current library | Date acquired | Source of acquisition | Cost, normal purchase price | Bill Number | Total Checkouts | Full call number | Acc. no. / Barcode | Date last seen | Date last borrowed | Actual Cost, discounted price | Bill Date | Koha item type |
|---|---|---|---|---|---|---|---|---|---|---|---|---|---|---|---|---|---|---|---|
| Dewey Decimal Classification | Diploma in Pharmacy | PIET C-LIBRARY | PIET C-LIBRARY | 25/03/2019 | Kirti Prakashan | 180.00 | IN 3111 | 10 | 572 DAB | DP544 | 28/12/2023 | 13/12/2023 | 133.20 | 12/03/2019 | Text Books | ||||
| Dewey Decimal Classification | Diploma in Pharmacy | PIET C-LIBRARY | PIET C-LIBRARY | 25/03/2019 | Kirti Prakashan | 180.00 | IN 3111 | 8 | 572 DAB | DP545 | 30/01/2024 | 15/01/2024 | 133.20 | 12/03/2019 | Text Books | ||||
| Dewey Decimal Classification | Diploma in Pharmacy | PIET C-LIBRARY | PIET C-LIBRARY | 25/03/2019 | Kirti Prakashan | 180.00 | IN 3111 | 572 DAB | DP546 | 04/12/2019 | 133.20 | 12/03/2019 | Reference Books | ||||||
| Dewey Decimal Classification | Diploma in Pharmacy | PIET C-LIBRARY | PIET C-LIBRARY | 25/03/2019 | Kirti Prakashan | 180.00 | IN 3111 | 8 | 572 DAB | DP547 | 01/02/2024 | 27/01/2024 | 133.20 | 12/03/2019 | Text Books |